| 000 | 00416nam a2200181Ia 4500 | ||
|---|---|---|---|
| 008 | 180207s9999 xx 000 0 und d | ||
| 020 | _a9780545236690 | ||
| 050 | _bK198 2006 | ||
| 100 | _aKatz, Karen. | ||
| 245 | _aMommu hugs / | ||
| 245 | _cby Karen Katz. | ||
| 260 | _aNew York : | ||
| 260 | _bScholastic, | ||
| 260 | _c2006 | ||
| 300 | _aunpaged : | ||
| 300 | _bcolor illustration ; | ||
| 300 | _c24cm. | ||
| 999 |
_c355667 _d355667 |
||